Foot - Records de la saison 2023/2024 sur un seul match. - Statistiques

Statistiques générales
  • Ce quiz a été pris 15 fois
  • Le résultat moyen est 3 sur 9
Statistiques - réponses
Question Réponse % Correct
Le plus d'expected goal Harry Kane - 3.25 contre Mayence
77%
Le plus de tir cadré Erling Haaland - 7 contre Wolves
46%
Le plus de but Lautaro Martinez - Quadruplé contre Salernitana
46%
Le plus de passe décisive Jérémy Doku - 4 contre Bournemouth
31%
Le plus d'arrêt Mark Flekken - 12 contre Manchester City
15%
Le plus de tir Mohamed Salah - 12 contre Brighton
15%
Le plus de dribble réussi consécutif Mohammed Kudus - 14 contre Chelsea
15%
Le plus de passe réussi Ruben Dias - 174 contre Crystal Palace
15%
Le plus de passe clé Kevin Stoger - 14 contre Werder Breme
8%
Aucun quiz correspondant
Distribution des résultats
% des personnes avec chaque résultat
Percentile par nombre de réponses
Votre historique - résultats
Vous n’avez pas pris ce quiz